00607nam a2200193 a 4500001001000000005001700010008004100027050002200068100002900090245010400119260002900223300002400252500003900276500000800315650001600323650001900339700003500358700002000393BRCA_264020190320203913.0011208s1914----enka---###---#000-0#eng-u 4aNE2135b.S25 19141 aSalaman, Malcolm Charles10aThe Great painter-etchers from Rembrandt to Whistlercby Malcolm C. Salaman ; ed. by Charles Holme. aLondonbThe Studioc1914 a264 p.bil.c30 cm. aIncluye índice de ilustraciones. aA8314aAguafuertes14aAguafuertistas1 aHolme, Charlesd1848-1923eed.1 aPainter-etchers